La représentation politique (notice n° 2198581)

détails MARC
000 -LEADER
fixed length control field 01538cam a2200133 4500500
005 - DATE AND TIME OF LATEST TRANSACTION
control field 20260405085550.0
041 ## - LANGUAGE CODE
Language code of text/sound track or separate title fre
042 ## - AUTHENTICATION CODE
Authentication code dc
100 10 - MAIN ENTRY--PERSONAL NAME
Personal name Daloz, Jean-Pascal
Relator term author
245 00 - TITLE STATEMENT
Title La représentation politique
260 ## - PUBLICATION, DISTRIBUTION, ETC.
Name of publisher, distributor, etc. Armand Colin,<br/>
Date of publication, distribution, etc. 2017.<br/>
520 ## - SUMMARY, ETC.
Summary, etc. Objet majeur de réflexion pour l’analyse politique, la sensible question de la représentation mérite d’être abordée empiriquement, au-delà des essais normatifs qui dominent la littérature sur le sujet. C’est pourquoi, sans négliger l’histoire des idées et les débats contemporains relatifs à la crise de la représentation, le présent ouvrage nous entraîne sur des terrains délibérément concrets. Faisant référence à un large éventail d’études, tant anglophones que francophones, tout en privilégiant une optique comparative, il nous amène à considérer aussi bien le travail de légitimation des représentants au quotidien que les modalités théâtrales de la représentation. Il propose également des développements très novateurs sur la tension entre exigences d’éminence et de proximité. Estimant qu’il est grand temps de cesser de parler de la représentation comme s’il s’agissait d’une réalité univoque, son originalité est de relier constamment la thématique de la prise en charge des intérêts à celle des perceptions et surtout des dimensions symboliques de la relation.
856 41 - ELECTRONIC LOCATION AND ACCESS
Uniform Resource Identifier <a href="https://shs.cairn.info/la-representation-politique--9782200614539?lang=fr&redirect-ssocas=7080">https://shs.cairn.info/la-representation-politique--9782200614539?lang=fr&redirect-ssocas=7080</a>

Pas d'exemplaire disponible.

PLUDOC

PLUDOC est la plateforme unique et centralisée de gestion des bibliothèques physiques et numériques de Guinée administré par le CEDUST. Elle est la plus grande base de données de ressources documentaires pour les Étudiants, Enseignants chercheurs et Chercheurs de Guinée.

Adresse

627 919 101/664 919 101

25 boulevard du commerce
Kaloum, Conakry, Guinée

Réseaux sociaux

Powered by Netsen Group @ 2025